[Event "Rated Blitz game"]
[Site "?"]
[Date "2021.07.22"]
[Round "?"]
[White "Zhigalko_Sergei"]
[Black "Abik02"]
[Result "1/2-1/2"]
[WhiteElo "2858"]
[BlackElo "2730"]
[PlyCount "70"]
[EventDate "2021.??.??"]
[EventType "blitz"]

1. e4 e5 2. Nf3 d5 3. exd5 e4 4. Qe2 Nf6 5. Nc3 Be7 6. Nxe4 O-O 7. Nxf6+ Bxf6
8. d4 Re8 9. Be3 Qxd5 10. Qb5 Qd8 11. Be2 a6 12. Qd3 b5 13. a4 bxa4 14. Rxa4
Bb7 15. O-O Be4 16. Qb3 Nc6 17. c3 Qd7 18. Nd2 Bd5 19. Bc4 Rab8 20. Qa2 Bxc4
21. Nxc4 Ne7 22. Rxa6 Nd5 23. Ra5 c6 24. h3 h6 25. Ne5 Bxe5 26. dxe5 Nxe3 27.
fxe3 Re6 28. Ra7 Qd2 29. Rfxf7 Qxe3+ 30. Kh1 Qe1+ 31. Kh2 Qxe5+ 32. Kh1 Qe1+
33. Kh2 Qe5+ 34. Kg1 Qe3+ 35. Kh2 Qe5+ {Normal} 1/2-1/2

[Event "Rated Blitz game"]
[Site "?"]
[Date "2021.07.22"]
[Round "?"]
[White "MrBigBob"]
[Black "Dzon_Vejn"]
[Result "0-1"]
[WhiteElo "2323"]
[BlackElo "2454"]
[PlyCount "136"]
[EventDate "2021.??.??"]
[EventType "blitz"]

1. e4 e5 2. Nf3 d5 3. Nxe5 Bd6 4. d4 dxe4 5. Be2 Bxe5 6. dxe5 Qxd1+ 7. Bxd1 Nc6
8. Nc3 Bf5 9. Bf4 O-O-O 10. O-O Nge7 11. g4 Bg6 12. Bg3 Nd5 13. Nxd5 Rxd5 14.
f4 exf3 15. Bxf3 Rd2 16. Rf2 Rhd8 17. Rc1 Rxf2 18. Kxf2 Rd2+ 19. Ke3 Rxc2 20.
Rxc2 Bxc2 21. Bxc6 bxc6 22. Kd4 Kd7 23. e6+ Kxe6 24. Bxc7 f6 25. Bb8 a6 26. Kc5
Bd1 27. h3 Be2 28. Kxc6 g5 29. a4 Bf1 30. h4 gxh4 31. b4 Be2 32. b5 axb5 33.
axb5 Bxg4 34. Kc5 Bf3 35. Kd4 Kf5 36. Ke3 Kg4 37. Kf2 Bb7 38. Bc7 f5 39. Ke3 h6
40. Bd6 h5 41. Bc7 Kh3 42. Kf2 Bd5 43. b6 Bb7 44. Bd6 Kg4 45. Bc7 f4 46. Bd6 h3
47. Kg1 Kf3 48. Bc7 Ke3 49. Kh2 f3 50. Kxh3 f2 51. Kh4 f1=Q 52. Kxh5 Qf5+ 53.
Kh4 Qd7 54. Kg5 Ke4 55. Kf6 Kd5 56. Kg5 Kc6 57. Kf6 Ba6 58. Kg5 Kb7 59. Kf6 Bb5
60. Kg5 Bc6 61. Kf4 Qd5 62. Kg4 Qe4+ 63. Kg5 Qf3 64. Kg6 Be4+ 65. Kg5 Qf5+ 66.
Kh4 Qg6 67. Kh3 Bf3 68. Kh2 Qg2# {Normal} 0-1

[Event "Rated Blitz game"]
[Site "?"]
[Date "2021.07.22"]
[Round "?"]
[White "Alexey_Gusarov"]
[Black "Artem_0degov"]
[Result "0-1"]
[WhiteElo "2532"]
[BlackElo "2688"]
[PlyCount "84"]
[EventDate "2021.??.??"]
[EventType "blitz"]

1. e4 e5 2. Nf3 d5 3. exd5 e4 4. Qe2 Nf6 5. d3 Bb4+ 6. c3 O-O 7. dxe4 Bd6 8.
Bg5 Re8 9. Nbd2 h6 10. Bxf6 Qxf6 11. O-O-O c6 12. Nc4 Bf4+ 13. Kb1 Rxe4 14. Qc2
cxd5 15. Rxd5 Re8 16. Bd3 Nc6 17. Bf5 Ne7 18. Bxc8 Nxd5 19. Bxb7 Rad8 20. Nd4
Nb6 21. Na5 Rd6 22. Bf3 Rc8 23. Qe4 Kh8 24. Re1 Rdd8 25. Nac6 Re8 26. Qxe8+
Rxe8 27. Rxe8+ Kh7 28. Be4+ g6 29. g3 Bd6 30. Rd8 Qxf2 31. Rxd6 Qe1+ 32. Kc2
Qxe4+ 33. Kb3 a5 34. a4 Qe1 35. Nd8 Qd1+ 36. Ka2 Qxa4+ 37. Kb1 Qd1+ 38. Ka2 Nc4
39. Rc6 Qa4+ 40. Kb1 Qd1+ 41. Ka2 a4 42. Rxc4 a3 {Time forfeit} 0-1

[Event "Rated Blitz tournament RDYL9ZQ5"]
[Site "?"]
[Date "2021.07.22"]
[Round "?"]
[White "Old-Firehand"]
[Black "cuerosky"]
[Result "1-0"]
[WhiteElo "2402"]
[BlackElo "2276"]
[PlyCount "97"]
[EventDate "2021.??.??"]
[EventType "blitz"]

1. e4 e5 2. Nf3 d5 3. Nxe5 Bd6 4. d4 dxe4 5. Nc4 Nf6 6. Be2 O-O 7. Nxd6 Qxd6 8.
O-O Bf5 9. c4 Nc6 10. Be3 Rad8 11. d5 Ne7 12. Nc3 a6 13. Na4 b6 14. a3 Ng6 15.
b4 Nf4 16. Re1 Nxe2+ 17. Qxe2 Ng4 18. g3 Qg6 19. h3 Ne5 20. Kg2 Nf3 21. Rh1 h5
22. Nc3 Rfe8 23. h4 Bg4 24. Qc2 f5 25. Ne2 Ne5 26. Nf4 Qf7 27. Rhc1 Bf3+ 28.
Kg1 Rd6 29. c5 Rg6 30. Nxg6 Qxg6 31. cxb6 Qg4 32. Kh2 Be2 33. bxc7 Nf3+ 34. Kg2
Nxh4+ 35. Kh2 Nf3+ 36. Kg2 Ne5 37. c8=Q Bf3+ 38. Kh2 Rxc8 39. Qxc8+ Kh7 40. Qd8
Ng6 41. Qg5 h4 42. Qxg4 fxg4 43. d6 Ne5 44. Rc7 hxg3+ 45. Kxg3 Be2 46. d7 Nxd7
47. Rxd7 a5 48. Bd4 axb4 49. Rxg7+ {Normal} 1-0

[Event "Rated Blitz game"]
[Site "?"]
[Date "2021.07.21"]
[Round "?"]
[White "Topawedu"]
[Black "blastol"]
[Result "1-0"]
[WhiteElo "2273"]
[BlackElo "2403"]
[PlyCount "77"]
[EventDate "2021.??.??"]
[EventType "blitz"]

1. e4 e5 2. Nf3 d5 3. d3 Bd6 4. exd5 f5 5. Nc3 Nf6 6. Bg5 O-O 7. Qd2 Qe8 8.
O-O-O a6 9. Bxf6 Rxf6 10. Kb1 b5 11. d4 e4 12. Ne5 Bxe5 13. dxe5 Qxe5 14. Qd4
Qxd4 15. Rxd4 Bb7 16. Be2 Nd7 17. Rhd1 Nb6 18. a3 Rd8 19. g4 g6 20. gxf5 gxf5
21. f3 e3 22. Rg1+ Kf8 23. Rgd1 f4 24. Ne4 Rh6 25. d6 cxd6 26. Nxd6 Rxh2 27.
Rxf4+ Ke7 28. Rf7+ Ke6 29. Rxb7 Rxd6 30. Rxd6+ Kxd6 31. Rxb6+ Kc5 32. Re6 Rxe2
33. b4+ Kc4 34. Kb2 h5 35. Rxa6 h4 36. Rh6 Rh2 37. Re6 Kd4 38. Re4+ Kd5 39.
Rxe3 {Normal} 1-0

[Event "Rated Blitz game"]
[Site "?"]
[Date "2021.07.21"]
[Round "?"]
[White "melikshakh"]
[Black "BrilliantGambiteer"]
[Result "1-0"]
[WhiteElo "2312"]
[BlackElo "2414"]
[PlyCount "135"]
[EventDate "2021.??.??"]
[EventType "blitz"]

1. e4 e5 2. Nf3 d5 3. d4 dxe4 4. Nxe5 Bd6 5. Be2 Qe7 6. Nc4 Nf6 7. Nxd6+ cxd6
8. O-O O-O 9. c4 Bf5 10. Nc3 Nc6 11. Bg5 Qd8 12. Nd5 Nb8 13. Bxf6 gxf6 14. Qd2
Be6 15. Ne3 f5 16. d5 Bd7 17. b4 Na6 18. Rac1 Qf6 19. c5 Nc7 20. c6 bxc6 21.
dxc6 Bc8 22. Nd5 Nxd5 23. Qxd5 Qe5 24. Rfd1 Qxd5 25. Rxd5 Rb8 26. b5 Be6 27.
Rxd6 Bxa2 28. Ra1 Be6 29. Rxa7 Rb6 30. Ra6 Rfb8 31. Rxb6 Rxb6 32. Rd8+ Kg7 33.
c7 Rb7 34. c8=Q Bxc8 35. Rxc8 Rd7 36. g3 Rd2 37. Bc4 Rd1+ 38. Kg2 Rd2 39. Kf1
Rb2 40. Rc7 Kh6 41. Rxf7 Kg5 42. Rxh7 f4 43. gxf4+ Kxf4 44. Rf7+ Ke5 45. h4 Kd4
46. Be2 e3 47. Rd7+ Ke5 48. Re7+ Kf4 49. Rxe3 Rb1+ 50. Kg2 Rb4 51. h5 Kg5 52.
Rg3+ Kh6 53. Rg6+ Kh7 54. b6 Rb2 55. Bf3 Rb4 56. b7 Kh8 57. Rd6 Kh7 58. Rd8 Rb6
59. b8=Q Rxb8 60. Rxb8 Kh6 61. Kg3 Kg7 62. Rb6 Kh7 63. h6 Kg8 64. Kg4 Kf7 65.
Kg5 Kg8 66. Kg6 Kf8 67. Re6 Kg8 68. Re8# {Normal} 1-0

[Event "Rated Blitz tournament Cag9VgVA"]
[Site "?"]
[Date "2021.07.21"]
[Round "?"]
[White "PejuangBKD"]
[Black "dr_xStranger"]
[Result "0-1"]
[WhiteElo "2410"]
[BlackElo "2514"]
[PlyCount "78"]
[EventDate "2021.??.??"]
[EventType "blitz"]

1. e4 e5 2. Nf3 d5 3. exd5 e4 4. Qe2 Nf6 5. Nc3 Be7 6. Nxe4 O-O 7. d3 Re8 8.
Qd1 Nxd5 9. Be2 f5 10. Nc3 Nxc3 11. bxc3 Bf6 12. d4 Be6 13. O-O Bd5 14. Bb2 Nc6
15. c4 Bxf3 16. Bxf3 Nxd4 17. Bd5+ Ne6 18. Bxf6 Qxf6 19. Bxb7 Rad8 20. Bd5 Kh8
21. Qc1 Nd4 22. Kh1 c6 23. Bf3 Nxf3 24. gxf3 Qc3 25. Qf4 Qxc2 26. Rg1 Qxf2 27.
Rg2 Qc5 28. Rag1 Rd7 29. h3 g6 30. h4 Qd6 31. Qc1 Qd4 32. Qg5 Qxc4 33. h5 Rg7
34. hxg6 Rxg6 35. Qxf5 Qh4+ 36. Rh2 Rxg1+ 37. Kxg1 Re1+ 38. Kg2 Re2+ 39. Kf1
Qe1# {Normal} 0-1

[Event "Rated Blitz game"]
[Site "?"]
[Date "2021.07.21"]
[Round "?"]
[White "Ciumpix"]
[Black "magos33"]
[Result "1-0"]
[WhiteElo "2419"]
[BlackElo "2451"]
[PlyCount "149"]
[EventDate "2021.??.??"]
[EventType "blitz"]

1. e4 e5 2. Nf3 d5 3. Nxe5 Bd6 4. d4 dxe4 5. Bc4 Bxe5 6. Qh5 Qe7 7. Qxe5 Qxe5
8. dxe5 Nc6 9. Bf4 Nge7 10. Bb5 Bd7 11. Nc3 O-O-O 12. O-O-O Ng6 13. Bg5 Rde8
14. h3 Rxe5 15. Be3 f5 16. g3 a6 17. Ba4 Re7 18. Bg5 Ree8 19. Rd5 h6 20. Be3
Nce5 21. Bxd7+ Nxd7 22. Rhd1 Nge5 23. Bf4 Nf6 24. Rxe5 g5 25. Rxe8+ Rxe8 26.
Be3 c6 27. b3 Nh5 28. Kb2 f4 29. gxf4 gxf4 30. Bd4 Rg8 31. Re1 e3 32. fxe3 f3
33. Rf1 Rg3 34. Ne4 Rxh3 35. Nd6+ Kd7 36. Nf5 Ke6 37. Nxh6 Kd5 38. Nf5 Ke4 39.
Bb6 Nf6 40. Nd6+ Kd5 41. Nc4 Ng4 42. Nd2 Rh2 43. Nxf3 Re2 44. Ne1 Nxe3 45. Bxe3
Rxe3 46. Nd3 Kd4 47. Rh1 a5 48. Rh4+ Kd5 49. Rh7 b5 50. Ra7 a4 51. bxa4 bxa4
52. Rxa4 c5 53. Ra5 Kd4 54. Rxc5 Rxd3 55. cxd3 Kxc5 56. Kc3 Kd5 57. a4 Kc5 58.
d4+ Kd5 59. a5 Kc6 60. Kc4 Kb7 61. Kc5 Ka6 62. Kc6 Kxa5 63. d5 Kb4 64. d6 Kc4
65. d7 Kd4 66. d8=Q+ Ke4 67. Qd5+ Kf4 68. Kc5 Kg4 69. Qd4+ Kh5 70. Kd5 Kg6 71.
Qe5 Kf7 72. Ke4 Kg6 73. Qf5+ Kg7 74. Ke5 Kh6 75. Qg4 {Normal} 1-0

[Event "Rated Blitz game"]
[Site "?"]
[Date "2021.07.21"]
[Round "?"]
[White "Parkrunner2038"]
[Black "Rikoboy"]
[Result "0-1"]
[WhiteElo "2460"]
[BlackElo "2421"]
[PlyCount "66"]
[EventDate "2021.??.??"]
[EventType "blitz"]

1. e4 e5 2. Nf3 d5 3. exd5 e4 4. Qe2 Nf6 5. Nc3 Be7 6. Nxe4 O-O 7. Nxf6+ Bxf6
8. Qd1 Re8+ 9. Be2 Qe7 10. d4 Bf5 11. Be3 Qb4+ 12. Qd2 Qxb2 13. O-O Qxc2 14.
Qxc2 Bxc2 15. Rfc1 Be4 16. Rxc7 Bxd5 17. Rac1 Nc6 18. Rc5 Rad8 19. Bb5 a6 20.
Bc4 Bxc4 21. Rxc4 Nxd4 22. Bxd4 Bxd4 23. Rxb7 Bc5 24. g3 Rc8 25. Kg2 h6 26. Rf4
Re2 27. Nh4 g5 28. Rfxf7 gxh4 29. Rg7+ Kf8 30. Rh7 Bd4 31. Rbf7+ Ke8 32. g4
Rcc2 33. Rb7 Rxf2+ {Time forfeit} 0-1

[Event "Rated Blitz game"]
[Site "?"]
[Date "2021.07.21"]
[Round "?"]
[White "Waderpl"]
[Black "annaly1979"]
[Result "0-1"]
[WhiteElo "2509"]
[BlackElo "2439"]
[PlyCount "56"]
[EventDate "2021.??.??"]
[EventType "blitz"]

1. e4 e5 2. Nf3 d5 3. Nxe5 Qe7 4. d4 f6 5. Qh5+ g6 6. Nxg6 Qxe4+ 7. Be2 Qxg6 8.
Qh4 h5 9. Nc3 Ne7 10. Bf4 c6 11. O-O-O Bf5 12. Rhe1 Nd7 13. Bd3 Bxd3 14. Rxd3
O-O-O 15. Bg3 Nf5 16. Qf4 Bd6 17. Qf3 Nxg3 18. hxg3 h4 19. g4 Rde8 20. Rde3 Qg5
21. Kd1 Rxe3 22. Rxe3 Nb6 23. Re6 Nc4 24. Qe2 Nxb2+ 25. Ke1 Bb4 26. Re8+ Rxe8
27. Qxe8+ Kc7 28. Qf7+ Kb6 {Normal} 0-1

[Event "Rated Blitz game"]
[Site "?"]
[Date "2021.07.21"]
[Round "?"]
[White "Kusanta"]
[Black "KamranShirazi"]
[Result "0-1"]
[WhiteElo "2429"]
[BlackElo "2553"]
[PlyCount "106"]
[EventDate "2021.??.??"]
[EventType "blitz"]

1. e4 e5 2. Nf3 d5 3. d4 dxe4 4. Nxe5 Nd7 5. Nxd7 Bxd7 6. Nc3 f5 7. Bc4 Nf6 8.
O-O Bd6 9. f3 Qe7 10. fxe4 fxe4 11. Bg5 O-O-O 12. Nd5 Qf8 13. Nxf6 gxf6 14.
Bxf6 Qh6 15. g3 Bh3 16. Bxd8 Rxd8 17. Qe2 Re8 18. Rae1 Bxf1 19. Rxf1 a6 20. c3
Kb8 21. Kg2 e3 22. Bd5 Qg6 23. b4 Qg5 24. Bc4 h5 25. Rf3 h4 26. a4 hxg3 27.
hxg3 Qh5 28. Bf7 Qxf3+ 29. Kxf3 Rf8 30. Qc4 e2 31. Kxe2 Bxg3 32. Qe6 Bd6 33. d5
Rh8 34. Kd3 Rh2 35. Qe8+ Ka7 36. Be6 Rh1 37. Kc2 Rh2+ 38. Kb3 Rd2 39. b5 a5 40.
b6+ Kxb6 41. Qc8 Ka7 42. Bd7 Rxd5 43. Bc6 bxc6 44. c4 Rc5 45. Kc2 Rxc4+ 46. Kd3
Rb4 47. Kc3 Rb6 48. Kc2 Be5 49. Qe6 Rb3 50. Kxb3 Bd6 51. Kc4 Kb6 52. Qe4 c5 53.
Kb3 c6 {Time forfeit} 0-1

[Event "Rated Rapid tournament GBwWbDro"]
[Site "?"]
[Date "2021.07.21"]
[Round "?"]
[White "MastacticaTeoria"]
[Black "Ahremchuk_A_A"]
[Result "1-0"]
[WhiteElo "2427"]
[BlackElo "2320"]
[PlyCount "227"]
[EventDate "2021.??.??"]
[EventType "rapid"]

1. e4 e5 2. Nf3 d5 3. exd5 e4 4. Qe2 Qe7 5. Nd4 Nf6 6. h3 Nxd5 7. d3 exd3 8.
Qxe7+ Bxe7 9. Bxd3 c6 10. a3 O-O 11. O-O Nd7 12. c4 N5f6 13. Nf5 Bd8 14. Nd6
Nc5 15. Bc2 Bc7 16. Nxc8 Raxc8 17. b4 Ne6 18. Bb2 Nd7 19. Bf5 Rfe8 20. c5 Ne5
21. Nd2 Rcd8 22. Rad1 Nd3 23. Bxd3 Rxd3 24. Nc4 Red8 25. Rxd3 Rxd3 26. g3 Kf8
27. Be5 Bxe5 28. Nxe5 Rxa3 29. Rd1 Ke7 30. Rd7+ Kf6 31. f4 Ra1+ 32. Kg2 Kf5 33.
Rxf7+ Ke4 34. Ng4 Ra2+ 35. Kf1 Kf3 36. Ne5+ Kxg3 37. f5 Nf4 38. Rxg7+ Kxh3 39.
f6 Ra1+ 40. Kf2 Ra2+ 41. Kf3 Nh5 42. Rxh7 Kh4 43. f7 Ra1 44. Ke4 Rf1 45. Nf3+
Kg4 46. f8=Q Ng3+ 47. Ke3 Nf5+ 48. Ke2 Rxf3 49. Rg7+ Kf4 50. Rf7 Re3+ 51. Kd2
Re5 52. Qd6 Ke4 53. Qd3+ Kf4 54. Qd6 Ke4 55. Rxf5 Rxf5 56. Qe7+ Re5 57. Qxb7
Kd4 58. Qxc6 Kc4 59. Qc7 Rd5+ 60. Kc2 Kxb4 61. c6 Rc5+ 62. Kd3 Rd5+ 63. Ke4 Rc5
64. Qb7+ Kc4 65. c7 a5 66. c8=Q Rxc8 67. Qxc8+ Kb4 68. Qb7+ Kc5 69. Kd3 a4 70.
Kc2 a3 71. Kb1 Kc4 72. Ka1 Kc3 73. Qa7 Kb3 74. Qa6 Kc3 75. Qb7 Kc2 76. Qa6 Kb3
77. Qb6+ Kc2 78. Ka2 Kc3 79. Kxa3 Kc4 80. Qb4+ Kd3 81. Ka4 Kc2 82. Kb5 Kd3 83.
Qc4+ Ke3 84. Kc5 Kd2 85. Kd5 Ke3 86. Ke5 Kf3 87. Qd4 Kg3 88. Qc3+ Kg4 89. Qd4+
Kf3 90. Qf4+ Ke2 91. Kf5 Kd3 92. Qg3+ Kd4 93. Kf4 Kd5 94. Qe3 Kc4 95. Qe4+ Kc5
96. Ke5 Kb5 97. Qd4 Kc6 98. Qd5+ Kb6 99. Kd4 Kc7 100. Kc4 Kb6 101. Qh5 Kc6 102.
Qh6+ Kd7 103. Kc5 Ke7 104. Kd5 Kf7 105. Ke5 Ke7 106. Qa6 Kd7 107. Qa7+ Kc6 108.
Qf7 Kb5 109. Qd5+ Kb4 110. Kd4 Ka4 111. Qb7 Ka3 112. Kc4 Ka2 113. Kc3 Ka1 114.
Kc2 {Normal} 1-0

[Event "Rated Blitz game"]
[Site "?"]
[Date "2021.07.21"]
[Round "?"]
[White "Salimskyi"]
[Black "Schachelite"]
[Result "1-0"]
[WhiteElo "2423"]
[BlackElo "2443"]
[PlyCount "57"]
[EventDate "2021.??.??"]
[EventType "blitz"]

1. e4 e5 2. Nf3 d5 3. d3 dxe4 4. dxe4 Qxd1+ 5. Kxd1 Bg4 6. Be2 Bc5 7. Nfd2 Nf6
8. f3 Be6 9. c3 Nc6 10. a4 O-O-O 11. Kc2 Rd7 12. Bc4 Bxc4 13. Nxc4 Rhd8 14. Bg5
Be7 15. Bxf6 Bxf6 16. b4 Ne7 17. Nbd2 Bg5 18. Nb3 f6 19. Nc5 Rd2+ 20. Nxd2
Rxd2+ 21. Kb3 Rxg2 22. h4 Bh6 23. Rhg1 Rh2 24. Rad1 b6 25. Ne6 Rxh4 26. Rd8+
Kb7 27. Rd7 Ng6 28. Rxc7+ Kb8 29. Rd1 {Normal} 1-0

[Event "Rated Blitz tournament 6QwNudOy"]
[Site "?"]
[Date "2021.07.21"]
[Round "?"]
[White "stambul65"]
[Black "Maltinho"]
[Result "0-1"]
[WhiteElo "2425"]
[BlackElo "2537"]
[PlyCount "88"]
[EventDate "2021.??.??"]
[EventType "blitz"]

1. e4 e5 2. Nf3 d5 3. d4 dxe4 4. Nxe5 Bd6 5. Nc4 Nf6 6. Nc3 O-O 7. Be3 Nc6 8.
Be2 Bf5 9. Qd2 Bb4 10. a3 Bxc3 11. Qxc3 Nd5 12. Qd2 Bg6 13. O-O-O f5 14. g3 Kh8
15. Bg5 Qd7 16. Ne3 Nxe3 17. Qxe3 Ne7 18. Bxe7 Qxe7 19. h4 Bf7 20. Qf4 Bg8 21.
h5 h6 22. d5 Rad8 23. Bc4 Qc5 24. Bb3 c6 25. Qe5 Bxd5 26. Bxd5 cxd5 27. c3 Qxf2
28. Rhf1 Qe3+ 29. Kb1 Qg5 30. Rxd5 Rxd5 31. Qxd5 Qxh5 32. Qd6 Qf7 33. Rf4 Re8
34. Rf1 e3 35. Re1 e2 36. Qd3 Qe6 37. Kc2 Re7 38. c4 Qe5 39. b3 g6 40. Qd2 Kg7
41. Qd3 Qe4 42. Qxe4 Rxe4 43. Kd3 Kf6 44. Rxe2 Rxe2 {Time forfeit} 0-1

[Event "Rated Blitz tournament 6QwNudOy"]
[Site "?"]
[Date "2021.07.21"]
[Round "?"]
[White "akrem19"]
[Black "Maltinho"]
[Result "0-1"]
[WhiteElo "2286"]
[BlackElo "2534"]
[PlyCount "124"]
[EventDate "2021.??.??"]
[EventType "blitz"]

1. e4 e5 2. Nf3 d5 3. Nxe5 Bd6 4. d4 dxe4 5. Qh5 Bxe5 6. Qxe5+ Qe7 7. Qxg7 Qf6
8. Qxf6 Nxf6 9. Bf4 Nc6 10. Bb5 Nd5 11. Bg3 f5 12. Nc3 Be6 13. Nxd5 Bxd5 14. c4
Bf7 15. d5 a6 16. dxc6 axb5 17. cxb5 bxc6 18. bxc6 Bc4 19. b3 Bxb3 20. O-O Bd5
21. Rfc1 Ra6 22. Rc5 Bxc6 23. Rxf5 Kd7 24. Rf7+ Ke6 25. Rxc7 Rd8 26. h3 Rd2 27.
Rxh7 e3 28. Re1 e2 29. Kh2 Raxa2 30. Rh6+ Kd7 31. Rh7+ Ke8 32. Rh5 Kf7 33. Re5
Rab2 34. Re3 Bb5 35. Be5 Ra2 36. Rb3 Bd3 37. Rc3 Rd1 38. Rc1 Bc2 39. Bc3 Rxc1
40. Rxc1 Bd1 41. Be1 Kg6 42. f3 Ra3 43. Kg3 Kf5 44. Kf2 Ke5 45. Rc5+ Kd4 46.
Rh5 Ra8 47. g4 Kd3 48. Rd5+ Kc4 49. Rd2 Rf8 50. h4 Bc2 51. h5 Bd3 52. Rxe2 Bxe2
53. Kxe2 Re8+ 54. Kf2 Kd3 55. Bb4 Re2+ 56. Kg3 Rb2 57. Kf4 Rxb4+ 58. Kg5 Rb5+
59. Kh4 Ke3 60. g5 Kf4 61. g6 Rb1 62. h6 Rh1# {Normal} 0-1

[Event "Rated Blitz game"]
[Site "?"]
[Date "2021.07.21"]
[Round "?"]
[White "Napo18"]
[Black "AsianLion"]
[Result "0-1"]
[WhiteElo "2620"]
[BlackElo "2653"]
[PlyCount "56"]
[EventDate "2021.??.??"]
[EventType "blitz"]

1. e4 e5 2. Nf3 d5 3. d3 Bd6 4. exd5 Ne7 5. c4 c6 6. dxc6 Nbxc6 7. Be2 O-O 8.
Nc3 h6 9. d4 exd4 10. Nxd4 Nxd4 11. Qxd4 Nf5 12. Qd3 Re8 13. O-O Qh4 14. g3 Qh3
15. Bf3 Nxg3 16. fxg3 Bc5+ 17. Kh1 Bf5 18. Bg2 Qxg2+ 19. Kxg2 Bxd3 20. Rf4 Re1
21. b3 g5 22. Rf3 Rg1+ 23. Kh3 Bf1+ 24. Kg4 Bg2 25. Rf5 Kg7 26. Bb2 Kg6 27.
Rf6+ Kxf6 28. Ne2+ Kg6 {Normal} 0-1

[Event "Rated Blitz game"]
[Site "?"]
[Date "2021.07.21"]
[Round "?"]
[White "SacrificialMaster"]
[Black "hardacre"]
[Result "0-1"]
[WhiteElo "2449"]
[BlackElo "2325"]
[PlyCount "78"]
[EventDate "2021.??.??"]
[EventType "blitz"]

1. e4 e5 2. Nf3 d5 3. d4 dxe4 4. Nxe5 Bd6 5. Nc4 Bf5 6. Nc3 Nc6 7. Be2 Nf6 8.
h3 O-O 9. Be3 Bg6 10. Qd2 Re8 11. O-O-O a5 12. a4 Bb4 13. d5 Bxc3 14. bxc3 Ne5
15. Nxe5 Rxe5 16. c4 Qd6 17. Qc3 Ree8 18. c5 Qd7 19. Bb5 Nxd5 20. Qb3 c6 21.
Bc4 Rad8 22. Bg5 f6 23. Be3 Bf7 24. Rd2 Qe7 25. Rhd1 Kf8 26. Bd4 Qc7 27. Bb2
Qf4 28. g3 Qf5 29. Kb1 Qxh3 30. g4 Qxg4 31. Bd4 h6 32. Bb2 Qf5 33. Qxb7 Qe6 34.
Bxd5 cxd5 35. Rxd5 Rxd5 36. Rxd5 Qxd5 37. c6 e3 38. fxe3 Bg6 39. c7 Qxb7 {
Normal} 0-1

[Event "Rated Blitz game"]
[Site "?"]
[Date "2021.07.21"]
[Round "?"]
[White "Elitebarbarianstar"]
[Black "Fantastic_power06"]
[Result "0-1"]
[WhiteElo "2609"]
[BlackElo "2768"]
[PlyCount "90"]
[EventDate "2021.??.??"]
[EventType "blitz"]

1. e4 e5 2. Nf3 d5 3. exd5 e4 4. Qe2 Nf6 5. Nc3 Be7 6. Nxe4 O-O 7. d3 Re8 8.
Be3 Nxd5 9. O-O-O f5 10. Ned2 f4 11. Bd4 c5 12. Be5 Nc6 13. d4 cxd4 14. Nb3 Bf6
15. Bxf6 Nxf6 16. Qd2 Bg4 17. Bc4+ Kh8 18. Qxf4 Bxf3 19. Qxf3 Ne5 20. Qe2 Rc8
21. Rxd4 Qb6 22. Bb5 Nc6 23. Qd3 Nxd4 24. Nxd4 Red8 25. Rd1 Rxd4 26. Qxd4 Qxb5
27. Qxa7 h6 28. Qd4 Qe2 29. Qd2 Qe6 30. Kb1 Ne4 31. Qe3 Qc4 32. c3 Ra8 33. b3
Nxc3+ 34. Kc1 Nxd1+ 35. bxc4 Nxe3 36. fxe3 Rxa2 37. Kb1 Rxg2 38. c5 Rxh2 39. c6
bxc6 40. e4 Kg8 41. Kc1 Kf7 42. Kd1 Ke6 43. Ke1 Ke5 44. Kf1 Kxe4 45. Kg1 Rd2 {
Normal} 0-1

[Event "Rated Blitz game"]
[Site "?"]
[Date "2021.07.21"]
[Round "?"]
[White "Sidnelson"]
[Black "Schachelite"]
[Result "0-1"]
[WhiteElo "2330"]
[BlackElo "2448"]
[PlyCount "30"]
[EventDate "2021.??.??"]
[EventType "blitz"]

1. e4 e5 2. Nf3 d5 3. d4 dxe4 4. Nxe5 Bd6 5. Bc4 Bxe5 6. dxe5 Qxd1+ 7. Kxd1 Nc6
8. Bf4 Nge7 9. Re1 Bg4+ 10. Kc1 Ng6 11. Bg3 O-O-O 12. Nc3 Ngxe5 13. Rxe4 Nxc4
14. Rxg4 Rhe8 15. b3 Re1+ {Normal} 0-1

[Event "Rated Blitz game"]
[Site "?"]
[Date "2021.07.21"]
[Round "?"]
[White "fuegodejavu"]
[Black "magos33"]
[Result "0-1"]
[WhiteElo "2279"]
[BlackElo "2457"]
[PlyCount "56"]
[EventDate "2021.??.??"]
[EventType "blitz"]

1. e4 e5 2. Nf3 d5 3. exd5 e4 4. Qe2 Nf6 5. Nc3 Be7 6. Nxe4 O-O 7. d3 Re8 8.
Bd2 Nxd5 9. O-O-O f5 10. Nc3 Nxc3 11. Bxc3 Bg5+ 12. Nxg5 Rxe2 13. Bxe2 Qxg5+
14. Bd2 Qxg2 15. Be3 Nc6 16. Rdg1 Qd5 17. h4 Qxa2 18. Bf3 Bd7 19. h5 Re8 20.
Kd2 Qxb2 21. Bd5+ Be6 22. Bf3 Qb4+ 23. Kd1 Nd4 24. h6 Qb1+ 25. Bc1 Qxc2+ 26.
Ke1 Nxf3+ 27. Kf1 Qxc1+ 28. Kg2 Nxg1 {Normal} 0-1

[Event "Rated Blitz game"]
[Site "?"]
[Date "2021.07.21"]
[Round "?"]
[White "Redteason"]
[Black "lavilaine"]
[Result "0-1"]
[WhiteElo "2422"]
[BlackElo "2390"]
[PlyCount "25"]
[EventDate "2021.??.??"]
[EventType "blitz"]

1. e4 e5 2. Nf3 d5 3. exd5 e4 4. Qe2 f5 5. d3 Nf6 6. Nbd2 Qxd5 7. dxe4 fxe4 8.
c4 Qa5 9. Nd4 Nc6 10. Nxc6 bxc6 11. g3 Bg4 12. Qe3 Bc5 13. Qf4 {Normal} 0-1

[Event "Rated Blitz tournament Cag9VgVA"]
[Site "?"]
[Date "2021.07.21"]
[Round "?"]
[White "Sengdorzh"]
[Black "dr_xStranger"]
[Result "1/2-1/2"]
[WhiteElo "2539"]
[BlackElo "2522"]
[PlyCount "154"]
[EventDate "2021.??.??"]
[EventType "blitz"]

1. e4 e5 2. Nf3 d5 3. Nxe5 Bd6 4. d4 dxe4 5. Nc3 Bxe5 6. dxe5 Qxd1+ 7. Nxd1 Nc6
8. Bf4 Nge7 9. Nc3 Ng6 10. Bg3 Ncxe5 11. Nxe4 O-O 12. O-O-O Re8 13. Be2 Bf5 14.
Nc3 Be6 15. Rhe1 Rad8 16. Nb5 c6 17. Nc7 Rxd1+ 18. Rxd1 Rc8 19. Nxe6 fxe6 20.
h4 Nf7 21. Bc4 Re8 22. Re1 Nf8 23. h5 b5 24. Bb3 a5 25. a4 bxa4 26. Bxa4 Rc8
27. Bd6 Nxd6 28. Bb3 c5 29. Bxe6+ Nxe6 30. Rxe6 Rc6 31. h6 gxh6 32. Rxh6 Kg7
33. Re6 Kf7 34. Rh6 Kg7 35. Re6 Rb6 36. b3 a4 37. bxa4 Nc4 38. Rxb6 Nxb6 39. a5
Nc4 40. a6 Nb6 41. a7 Kf6 42. Kd2 Ke6 43. f4 Kd5 44. Kd3 c4+ 45. Ke3 Kc6 46. f5
Kb7 47. Kd4 Kxa7 48. f6 Nd7 49. f7 Kb6 50. Kd5 Kc7 51. Ke6 Kd8 52. c3 Nf8+ 53.
Kd6 h6 54. g4 Nh7 55. Ke6 Nf8+ 56. Kf6 Kd7 57. Kg7 Ke7 58. Kxh6 Kxf7 59. Kg5
Ng6 60. Kf5 Ne7+ 61. Ke5 Nc8 62. Kd5 Nb6+ 63. Kc5 Nd7+ 64. Kxc4 Ne5+ 65. Kd5
Nxg4 66. c4 Nf6+ 67. Kd6 Ne4+ 68. Kd5 Nf6+ 69. Kc6 Ke7 70. Kb7 Ne8 71. c5 Kd7
72. c6+ Kd6 73. Kb6 Nc7 74. Kb7 Nd5 75. Kc8 Nb6+ 76. Kd8 Nd5 77. c7 Nxc7 {
Normal} 1/2-1/2

[Event "Rated Blitz game"]
[Site "?"]
[Date "2021.07.21"]
[Round "?"]
[White "H0M3R0"]
[Black "pasha1984"]
[Result "0-1"]
[WhiteElo "2385"]
[BlackElo "2402"]
[PlyCount "92"]
[EventDate "2021.??.??"]
[EventType "blitz"]

1. e4 e5 2. Nf3 d5 3. exd5 e4 4. Qe2 Nf6 5. d3 Qxd5 6. Nbd2 Nc6 7. dxe4 Qh5 8.
Qb5 Bc5 9. Nb3 Nxe4 10. Nxc5 Qxc5 11. Qxc5 Nxc5 12. Be3 Ne6 13. O-O-O Bd7 14.
Bb5 O-O-O 15. Rhe1 a6 16. Ba4 Rhe8 17. Bb3 f6 18. Nh4 Na5 19. Bd5 Bc6 20. Bxc6
Nxc6 21. Nf5 Rxd1+ 22. Rxd1 g6 23. Ng3 Rd8 24. Rxd8+ Kxd8 25. f4 f5 26. Ne2 Kd7
27. Kd2 Ne7 28. c4 Ng8 29. Bd4 Nxd4 30. Nxd4 Nf6 31. Nf3 Ne4+ 32. Ke3 Ke6 33.
g4 Nd6 34. gxf5+ Nxf5+ 35. Ke4 Nd6+ 36. Kd4 Kf5 37. Ng5 h6 38. Nh7 Kxf4 39. Nf6
g5 40. Nd5+ Kf3 41. Nxc7 g4 42. Kc5 Nc8 43. Ne6 Kg2 44. Kd4 Kxh2 45. Ke4 g3 46.
Kf3 g2 {Normal} 0-1

[Event "Rated Blitz tournament SRM1vkSC"]
[Site "?"]
[Date "2021.07.21"]
[Round "?"]
[White "kirill_kopyonkin"]
[Black "Almalik25"]
[Result "0-1"]
[WhiteElo "2558"]
[BlackElo "2303"]
[PlyCount "134"]
[EventDate "2021.??.??"]
[EventType "blitz"]

1. e4 e5 2. Nf3 d5 3. exd5 e4 4. Qe2 Nf6 5. d3 Bd6 6. Nbd2 O-O 7. dxe4 Re8 8.
Qd1 Nxd5 9. Be2 Nf4 10. O-O Bg4 11. Re1 Nc6 12. Nf1 Nxe2+ 13. Qxe2 Nd4 14. Qd3
Nxf3+ 15. gxf3 Bh3 16. Ng3 Qh4 17. Qe3 h6 18. f4 b6 19. Bd2 Bc5 20. Qf3 Rad8
21. Be3 Bg4 22. Qg2 Bxe3 23. fxe3 Rd7 24. Rf1 Red8 25. Rae1 Rd2 26. Rf2 Rd1 27.
Rxd1 Rxd1+ 28. Rf1 Bh3 29. Rxd1 Bxg2 30. Kxg2 Qe7 31. e5 g6 32. c3 Qc5 33. Kf3
Qc6+ 34. Ne4 Kg7 35. Rd8 a5 36. h4 h5 37. b4 axb4 38. cxb4 b5 39. a3 Qb7 40.
Rd4 Qa8 41. Kg3 Qxa3 42. Kf3 Qa8 43. Kg3 Qa1 44. Nf6 Qe1+ 45. Kf3 Qh1+ 46. Ke2
Qa8 47. Rd7 Qa2+ 48. Kf3 Qa8+ 49. e4 Qf8 50. e6 Kxf6 51. Rxf7+ Qxf7 52. exf7
Kxf7 53. e5 Ke6 54. Ke4 c6 55. Kd4 Kf5 56. Kc5 Kxf4 57. e6 Ke5 58. e7 Kf4 59.
e8=Q Kg4 60. Qxc6 Kxh4 61. Qxb5 g5 62. Qc4+ g4 63. b5 Kh3 64. b6 g3 65. b7 h4
66. b8=Q g2 67. Qd5 g1=Q+ {Time forfeit} 0-1